| 000 | 00813nam a2200277 ia4500 | ||
|---|---|---|---|
| 001 | C2-0003092 | ||
| 003 | PPAK | ||
| 005 | 20210801215753.0 | ||
| 008 | 970121s1988 my |||g ||||| | may d | ||
| 020 | _a9679337170 | ||
| 040 |
_aPPAK _beng _cPPAK _erda |
||
| 082 | 0 | 4 |
_a959.5119 _223 |
| 090 | 0 | 0 |
_a959.5119 _bAHM _dG |
| 090 | 2 | 0 |
_a959.5119 _bAHM _dKMI |
| 100 | 0 |
_aAhmad Fawzi Basri, _eauthor. |
|
| 245 | 1 | 0 |
_aJohor 1855-1917 : _bpentadbiran dan perkembangannya / _cAhmad Fawzi Basri |
| 264 | 1 |
_aPetaling Jaya, Selangor : _bFajar Bakti, _c1988 |
|
| 300 |
_avi, 200 pages ; _c23 cm |
||
| 336 |
_2rdacontent _atext |
||
| 337 |
_2rdamedia _aunmediated |
||
| 338 |
_2rdacarrier _avolume |
||
| 490 | 1 | _aSiri Sejarah Fajar Bakti | |
| 650 | 1 | 0 |
_aJohor _xHistory |
| 830 | 0 | _aSiri Sejarah Fajar Bakti | |
| 942 |
_cB _2ddc |
||
| 999 |
_c412 _d412 |
||